Posudzovanie nákladov na kvalitu

Príspevok poukazuje na sledovanie nákladov vzťahujúcich sa na kvalitu ako špecifickú ekonomickú kategóriu. Hodnotenie nákladov na kvalitu je pre podnik dôležitým nástrojom na dosahovanie vysokej úrovne rentability výrobkov, na zlepšenie ich kvalitatívnych vlastností, pričom všetky uvedené faktory vý...

Descrizione completa

Salvato in:
Dettagli Bibliografici
Autore principale: Karkalíková, Marta
Natura: Capitolo di libro
Lingua:slovacco
Soggetti:
Tags: Aggiungi Tag
Nessun Tag, puoi essere il primo ad aggiungerne!!

MARC

LEADER 00000nla a2200000 4500
001 0175096
005 20240502073003.0
041 0 |a slo 
044 |a SK 
245 1 0 |a Posudzovanie nákladov na kvalitu  |c Marta Karkalíková 
520 |a Príspevok poukazuje na sledovanie nákladov vzťahujúcich sa na kvalitu ako špecifickú ekonomickú kategóriu. Hodnotenie nákladov na kvalitu je pre podnik dôležitým nástrojom na dosahovanie vysokej úrovne rentability výrobkov, na zlepšenie ich kvalitatívnych vlastností, pričom všetky uvedené faktory výrazne ovplyvňujú celkovú finančnú situáciu firmy. Význam zavedenia systému manažérstva kvality v organizácii. 
610 2 0 |a podnik 
610 2 0 |a náklady na kvalitu 
610 2 0 |a riadenie kvality 
610 2 0 |a normy ISO 
100 1 |a Karkalíková, Marta